000 00894cac a22002531u 4500
090 _c6185
008 081103t1992 xxu||||| |||| 00| 0 eng d
010 _a92018734
020 _a0671686445
082 0 0 _a128.2
_bHUM
100 _aHumphrey, Nicholas.
245 1 2 _aA history of the mind /
_cNicholas Humphrey.
260 _aNew York :
_bSimon & Schuster,
_c1992.
300 _a238 p. :
_bill. ;
_c24 cm.
500 _adistributer: Al-Ahram
504 _aIncludes bibliographical references (p. 229-234) and index.
511 _acatalogued by: wessam
650 0 _aConsciousness
_xHistory.
650 0 _aMind and body
_xHistory.
650 0 _aSenses and sensation
_xHistory.
650 0 _aGenetic psychology.
942 _cBB
_k128.2HUM
_2ddc
999 _c6185
_d6185